Google - Mitä eroa on...? #1 - Statistics

Yleistilastot
  • Tätä visaa on pelattu 875 kertaa
  • Keskiarvotulos 20 / 27
Vastaustilastot
Mitä eroa on... % Oikein
broilerilla ja {kanalla}
97%
elefantilla ja {norsulla}
95%
veneellä ja {laivalla}
95%
kasvissyöjällä ja {vegaanilla}
91%
virkkeellä ja {lauseella}
91%
parfyymillä ja {hajuvedellä}
89%
massalla ja {painolla}
85%
paristolla ja {akulla}
85%
viruksella ja {bakteerilla}
85%
flyygelillä ja {pianolla}
84%
sementillä ja {betonilla}
84%
ilmastolla ja {säällä}
76%
laskimolla ja {valtimolla}
76%
noidalla ja {velholla}
75%
pilateksella ja {joogalla}
74%
mangalla ja {animella}
73%
asteroidilla ja {meteoriitilla}
69%
mediaanilla ja {keskiarvolla}
68%
hapolla ja {emäksellä}
66%
lehmällä ja {naudalla}
64%
cappuccinolla ja {lattella}
60%
sademetsällä ja {viidakolla}
56%
etiikalla ja {moraalilla}
54%
taifuunilla ja {hurrikaanilla}
54%
sunnalaisuudella ja {šiialaisuudella}
45%
kuninkaalla ja {keisarilla}
44%
vertauksella ja {metaforalla}
25%
Ehtoja vastaavia visoja ei löytynyt
Tulosjakauma
Jokaisen tuloksen saaneiden osuus
Persentiili vastausten määrän mukaan
Tuloshistoriasi
Et ole pelannut tätä visaa